000 00571nam a2200205Ia 4500
005 20250326143124.0
008 250326s9999 xx 000 0 und d
020 _a81-7496-374-X
037 _aTextbook
040 _aFMSL
_beng
_cFMSL
041 _aeng
_2eng
084 _aX:8F P2
_qFMSL
100 _aKishore R M
_9747162
245 0 _aAdvanced Management Accounting
_cKishore R M
250 _aEd 2
260 _aNew Delhi
_bNew Delhi, Taxmann Allied Services (P) Ltd.
_c2002
300 _a1158p
942 _cTB
_hX:8F P2
999 _c1298194
_d1298194